000 00704nam a2200241 4500
003 OSt
005 20260423050338.0
006 a
008 240727b |||||||| |||| 00| 0 eng d
020 _a9780071623667
040 _aDWCL-Main lib.
_cOC
082 _2Third edition
_aCirc. 515 W949s 2010
100 _aWrede, Robert
245 _aSchaum’s outlines : advanced calculus /
_cRobert Wrede
250 _aThird edition
260 _aN.Y. :
_bMcGraw-Hill,
_cc2010.
300 _aix,
_b445 p. : ill. ;
_c28 cm.
490 _3Schaum’s outlines Series.
504 _aIncludes index.
650 _a1. Calculus.
700 _aSpiegel, Murray R.
942 _2ddc
_n0
_cBK-CIRC
_eThird edition
_kCirc.
999 _c2849
_d2849